000 00598nam a22001937a 4500
005 20251108165315.0
008 250721s2004 xx 000 0 ara d
082 1 4 _aم/213.4/نوو
100 1 _aالنووي، محي الدين أبي زكريا يحيى بن شرف
_eمؤلف
245 1 0 _aصحيح مسلم بشرح النووي /
250 _aط.2.
264 1 _aالقاهرة :
_bدار الفجر للنشر،
_c2004.
300 _a9مج .
650 1 7 _aالحديث الشريف
650 1 7 _aصحيح مسلم
650 1 7 _aالاسلام
942 _2ddc
_cREF
999 _c24685
_d24685